Samajtattwa parichay (Record no. 9450)

MARC details
000 -LEADER
fixed length control field 00635cam a2200241ua 4500
008 - FIXED-LENGTH DATA ELEMENTS--GENERAL INFORMATION
fixed length control field 190226n ii |||gr||||Z||||||asm
020 ## - INTERNATIONAL STANDARD BOOK NUMBER
International Standard Book Number 9788192276557
040 ## - CATALOGING SOURCE
Transcribing agency MAIN
041 ## - LANGUAGE CODE
-- asm
082 ## - DEWEY DECIMAL CLASSIFICATION NUMBER
Classification number 301
245 ## - TITLE STATEMENT
Title Samajtattwa parichay
250 ## - EDITION STATEMENT
Edition statement 1st ed.
260 ## - PUBLICATION, DISTRIBUTION, ETC.
Place of publication, distribution, etc. Jorhat:
Name of publisher, distributor, etc. Grantha sanskriti edu cell,
Date of publication, distribution, etc. 2012.
300 ## - PHYSICAL DESCRIPTION
Extent 171p.
700 ## - ADDED ENTRY--PERSONAL NAME
Personal name Prabhas K. Bora,
Relator term
700 ## - ADDED ENTRY--PERSONAL NAME
Personal name Ganesh Chandra Hazarika,
Relator term
700 ## - ADDED ENTRY--PERSONAL NAME
Personal name Rasmita Chaliha Kashyap,
Relator term
700 ## - ADDED ENTRY--PERSONAL NAME
Personal name Himanta Pratim Borgohain,
Relator term
942 ## - ADDED ENTRY ELEMENTS (KOHA)
Koha item type Books
653 ## - INDEX TERM--UNCONTROLLED
Uncontrolled term Sociology & anthropology
653 ## - INDEX TERM--UNCONTROLLED
Uncontrolled term Sociology
Holdings
Withdrawn status Lost status Damaged status Not for loan Home library Current library Shelving location Date acquired Total Checkouts Full call number Barcode Date last seen Date last checked out Copy number Price effective from Koha item type
        Central Library, Naharkatiya College Central Library, Naharkatiya College General Stacks 19/09/2020 10 301 | SAM 24220 19/09/2025 08/09/2025 1 19/09/2020 Books
        Central Library, Naharkatiya College Central Library, Naharkatiya College General Stacks 19/09/2020 7 301 | SAM 24221 26/08/2025 20/08/2025 2 19/09/2020 Books
        Central Library, Naharkatiya College Central Library, Naharkatiya College General Stacks 19/09/2020 4 301 | SAM 24222 26/08/2025 20/08/2025 3 19/09/2020 Books

Naharkatiya College © 2020. All rights reserved.

Powered By